000 00415nam a2200145Ia 4500
008 150509s9999 xx 000 0 und d
082 _aREF 378.1025 COM
245 _aCommonwealth Universities Yearbook
260 _aLondon:
260 _bAssociation of Commonwealth Universities
260 _c1994
300 _a2925p. :ill. ;28cm
500 _aIncludes index
650 _aDirectory of higher learning institution
999 _c1761
_d1761